Loading...
Paavangalude paanchaali
| Main Author: | |
|---|---|
| Format: | Printed Book |
| Published: |
1983
|
| LEADER | 003410000a22001090004500 | ||
|---|---|---|---|
| 040 | |a MAL | ||
| 082 | |a A3 JOS6/P M3 | ||
| 100 | |a Joseph Vyttila | ||
| 245 | |a Paavangalude paanchaali | ||
| 260 | |c 1983 | ||
| 999 | |c 21920 |d 21920 | ||
| 952 | |0 0 |1 0 |4 0 |6 A_000000000000000_3_JOS6P_M3 |7 0 |8 MAL |9 21738 |a MGUL |b MGUL |d 2013-07-16 |l 0 |o A3 JOS6/P M3 |p 17670 |r 2013-07-16 |w 2013-07-16 |y BK | ||